00878nam a2200241Ia 450000500170000000800410001702000150005808200190007310000330009224501100012525000190023530000430025450400380029765000370033565000380037265000350041065000420044526400260048733600270051333700330054033800280057304000350060120220317000711.0160601s2004 CK a g 000 0 spa  a958962272004a658.404 bM37g1 aMiranda Miranda, Juan José10aGestión de proyectos, identificación, formulación, evaluación financiera cJuan José Miranda M. a5a. edición  a436 páginas bilustraciones c23 cm  aIncluye bibliografía y glosario142LEMBaEvaluación de proyectos 142LEMBaElaboración de proyectos 142LEMBaProyectos en desarrollo 142LEMB aPlanificación estratégica  aBogotá bEcoec2005 atextobtxt2rdacontent asin mediaciónbn2rdamedia avolumenbnc2rdacarrier aCO-BoRNBPbspaerdacCO-BoRNBP